Microeconomics/ (Record no. 1999)
[ view plain ]
| 000 -LEADER | |
|---|---|
| fixed length control field | 01101nam a22001817a 4500 |
| 020 ## - INTERNATIONAL STANDARD BOOK NUMBER | |
| ISBN | 9780077121778 |
| 020 ## - INTERNATIONAL STANDARD BOOK NUMBER | |
| ISBN | 0077121775 |
| 050 ## - CALL NUMBER | |
| Classification number | HB172 |
| Item number | .M82 |
| 100 ## - AUTHOR | |
| Personal name | Morgan Wyn |
| 245 ## - TITLE | |
| Title | Microeconomics/ |
| Statement of responsibility, etc | Wyn Morgan; Michael L Katz; Harvey Rosen |
| 250 ## - EDITION | |
| Edition statement | 2nd ed |
| 260 ## - PUBLICATION INFORMATION | |
| Place of publication | Boston |
| Name of publisher | McGraw-Hill |
| Year of publication | 2012. |
| 300 ## - DESCRIPTION | |
| Number of Pages | xxvi, 749 pages |
| Other physical details | illustrations |
| Dimensions | 27 cm |
| 500 ## - NOTES | |
| General note | Includes index.<br/> |
| 505 ## - FORMATTED CONTENTS NOTE | |
| Table of Content | 1 The Market Economy PART 1 The Household 2 Consumer Choice 3 Comparative Statics and Demand 4 Price Changes and Consumer Welfare 5 The Household as Supplier 6 Choice under Uncertainty PART 2 The Firm 7 The Firm and Its Goals 8 Technology and Production 9 Cost PART 3 The Competitive Model 10 The Price-Taking Firm 11 Equilibrium in Competitive Markets 12 General Equilibrium and Welfare Economics PART 4 Market Power 13 Monopoly 14 More on Price-Making Firms 15 Oligopoly and Strategic Behaviour 16 Game Theory PART 5 Missing Markets 17 Asymmetric Information 18 Externalities and Public Goods Progress Check Solutions References Index |
| 650 ## - SUBJECTS | |
| Topical Term | Microeconomics |
| 942 ## - ADDED ENTRY ELEMENTS (KOHA) | |
| Koha item type | Books |
| Withdrawn status | Lost status | Collection code | Home library | Current library | Shelving location | Date acquired | Full call number | Accession Number | Copy number | Koha item type |
|---|---|---|---|---|---|---|---|---|---|---|
| Reference | Methodist University Library Main | Methodist University Library Main | General Stacks | HB172 .M82 | 37714 | 1 | Books |